| 000 | 00441nam a22001817a 4500 | ||
|---|---|---|---|
| 003 | NUST - PNEC | ||
| 005 | 20170116181015.0 | ||
| 008 | 150914b xxu||||| |||| 00| 0 eng d | ||
| 020 | _a0071004823 | ||
| 040 | _cLIBRARY | ||
| 082 | _a621.38 KRA | ||
| 100 |
_910441 _aKraus, John |
||
| 245 |
_aAntennas. _cJohn Kraus |
||
| 250 | _a2nd ed | ||
| 260 | _cc1988. | ||
| 650 |
_910442 _aAntennas (Electronics) _xMS COM. , EL |
||
| 942 |
_2ddc _cBK |
||
| 999 |
_c67251 _d67251 |
||